Naše stanovisko v učení a v praxi, so zvláštnym zreteľom na pomery v cirkvi evanj. a v. v Uhorsku panujúce

Bibliographic Details
Corporate Author: Evanjelická cirkev a.v (Author)
Format: Book
Language:Slovak
PhysicalDescription:48 s. 18 cm
Published: [Illinois] Slovenská evanj. a.v. luteránska Synoda 1917
Edition:2. vyd.
Subjects:

MARC

LEADER 00000nam a2200000 a 4500
001 vtls001323896
003 SK-MaSNL
005 20260301005518.0
008 251124s1917 US 0 slo
020 |c 15,00 
035 |a SNK000276597 
040 |a SNK  |b slo  |c SNK  |e AACR2 
044 |a US 
080 |a 284.1(439.2)  |2 1981 
110 0 |a Evanjelická cirkev a.v.  |4 aut  |9 32425 
245 1 |a Naše stanovisko v učení a v praxi, so zvláštnym zreteľom na pomery v cirkvi evanj. a v. v Uhorsku panujúce  |c vydala a všetkým milovníkom ... evanjelického učenia ku povšimnutiu podáva: Slovenská evanj. a.v. luteránska Synoda v Spoj. štátoch v Seve 
250 |a 2. vyd. 
260 |a [Illinois]  |b Slovenská evanj. a.v. luteránska Synoda  |c 1917 
300 |a 48 s.  |c 18 cm 
610 0 7 |a Evanjelická cirkev a. v.  |z Uhorsko  |x brožúry  |2 SNK  |9 289930 
611 1 7 |a Evanjelická cirkev a. v.  |z Uhorsko  |x brožúry  |2 SNK  |9 289931 
651 7 |a Uhorsko  |x cirkev evanjelická  |x brožúry  |2 SNK  |9 289932 
999 |c 545375  |d 547305 
952 |t P60, <03>, [BOOK], {603}  |a SNK  |b SNK  |y PREZ  |7 0  |o snkSD 4075/5  |0 0  |1 0  |4 0  |d 1998-03-10  |l 0  |r 2005-01-02 00:00:00  |w 2026-02-23 
952 |a SNK  |b SNK  |y VYP  |7 0  |p 17A0122893  |o snkSD 4075/5 D1  |i snkK 789/98  |8 3  |3 rekatalogizácia  |0 0  |1 0  |4 0  |d 1998-03-10  |l 0  |r 2005-01-02 00:00:00  |w 2026-02-23